| 000 | 01554nam a22003017a 4500 | ||
|---|---|---|---|
| 003 | OSt | ||
| 005 | 20230421104507.0 | ||
| 008 | 221006b |||||||| |||| 00| 0 eng d | ||
| 040 | _cBiblioteca Lado V | ||
| 082 |
_a794.816.6 _bV632a |
||
| 100 |
_9804 _aVicente, Jose Luis de _eeditor |
||
| 245 |
_aMediateca Expandida/ _bHabitar/ |
||
| 260 |
_bCentro de Arte y Creación Industrial _bcajAstur _bMinisterio de Industria, Turismo y Comercio _c2010 _aEspaña |
||
| 300 |
_c17x23cm _a138p. |
||
| 490 |
_a03 _v2010 _x1889-965X |
||
| 505 | _aUn futuro Urbano | ||
| 505 | _aNuevos escenarios urbanos emergentes | ||
| 505 | _aLABoral y la arquitectura | ||
| 505 |
_aEnsayos _gEl cambio de los paradigmas Redibujar Software Urbano La construcción de una ciudad Notas sobre el diseño La ciudad colmada de dones Instantáneas de una ficticia Fluir, habitar, pensar |
||
| 505 |
_aProyectos _gPedro Miguel Cruz SENSEable City Lab SENSEable cITY Lab Rocarols/ Soriano/Tornabell Nerea Calvillo Dan Hill Timo Arnall Julian Bleecker Semiconductor kawamura-ganjavian Mark Shepard IaaC Philippe Rahm architectes Angel Borrego - OSS Citilab - Cornella |
||
| 505 | _aBiografias | ||
| 505 | _aCreditos | ||
| 650 |
_2Tesauro de Arte & Arquitectura _aARTE _9703 |
||
| 650 |
_2Tesauro de Arte & Arquitectura _aVIDEO JUEGOS |
||
| 650 |
_2Tesauro de Arte & Arquitectura _aMUSICA |
||
| 650 |
_2Tesauro de Arte & Arquitectura _aARTE DIGITAL |
||
| 942 |
_2ddc _c1 _h794.816.6 _iV632a _n0 |
||
| 999 |
_c3420 _d3420 |
||